000 00987nam0a22002651 4500
001 rc\1019916
005 20250622081425.0
035 _a(NLR Aleph) 006184718
090 _a6103032
_c6103032
100 _a20041129d1981 |||y0rusy50 ca
101 0 _arus
102 _aRU
105 _aa |||||||||
200 1 _aМетод конечных элементов для уравнений с частными производными
_fПер. с англ. В.Е. Кондрашова и В.Ф. Курякина
_gПод ред. Н.Н. Яненко
210 _aМ.
_cМир
_d1981
215 _a216 с.
_cил.
_d22
300 _aПер. изд.: The finite element method in partial differential eguations / A.R. Mitchell and R. Wait (Chichester и др., 1977)
320 _aБиблиогр.: с. 206-214
700 1 _aМитчелл
_bЭ.
701 1 _aУэйт
_bР.
801 0 _aRU
_bNLR
_gpsbo
801 1 _aRU
_bELAR
_2rusmarc
852 _aNLR
_j81-5/3250
942 _cBOOK
980 _aNB